Estatísticas para ÁREA LIVRE - Ingressando no eixo

Clique aqui para jogar o quiz

Estatísticas Gerais

  • Esse quiz foi jogado 43 vezes
  • A pontuação média é 5 de 6

Estatísticas das Respostas

HintResposta% Correto
5Acusar para Solar no través do Ventre, trocar para Argos e acusar
86%
1Cotejar o ciente
86%
2Curvar 180° no sentido do tráfego
86%
6Não cruzar o eixo ou entrar em Portal, a menos que Argos
comande
71%
3Restrito a 3000ft
71%
4Seguir paralelo ao eixo (110°) até o través do Ventre
57%

Distribuição das Pontuações

Percentil de Números Respondidos

Porcentagem de Pessoas com Cada Pontuação

Sua Pontuação Histórica

Você não jogou esse quiz